000 00289nam a2200121Ia 4500
008 191201s2016 xx 000 0 und d
100 _aHAIDER, Murtaza
245 0 _aGetting Started with Data Science
260 _bPearson
_c2016
300 _a573
650 _aB.Tech(IT)
942 _2ddc
_cBK
999 _c7046
_d7046